00429nam a2200133Ia 4500008004100000020001800041082001700059100002500076245005800101260002000159300000900179500004000188650006700228120629s9999 xx 000 0 und d a84-7112-453-X a155.67 S929p aStuart-Hamilton, Ian aPsicología del envejecimiento / Ian Stuart-Hamilton aMadrid : Morata a318p aBibliografía, glosario e índice a1. GERONTOLOGIA \ 2. DESARROLLO BIOLOGICO \ 3. SALUD MENTALÌ